Toll financing of U.S. Highways. (Record no. 543275)

000 -LEADER
fixed length control field 00670cam a2200205 a 4500
082 00 - DEWEY DECIMAL CLASSIFICATION NUMBER
Classification number 388.114
Author Mark TOL
100 1# - MAIN ENTRY--PERSONAL NAME
Personal name Schneider, Suzanne.
9 (RLIN) 38651
245 10 - TITLE STATEMENT
Title Toll financing of U.S. Highways.
260 ## - PUBLICATION, DISTRIBUTION, ETC.
Place of publication, distribution, etc. Washington, D.C. :
Name of publisher, distributor, etc. Congress of the U.S., Congressional Budget Office,
Date of publication, distribution, etc. [1985]
300 ## - PHYSICAL DESCRIPTION
Extent xvi, 68 p. :
Other physical details ill. ;
Dimensions 26 cm.
500 ## - GENERAL NOTE
General note "December 1985"--Cover.
500 ## - GENERAL NOTE
General note Item 1005-C
500 ## - GENERAL NOTE
General note Shipping list no.: 86-45-P.
526 ## - STUDY PROGRAM INFORMATION NOTE
Program name 0
Interest level 0
Reading level 0
Title point value 388_114000000000000_TOL
650 #0 - SUBJECT ADDED ENTRY--TOPICAL TERM
Topical term or geographic name entry element MCE
9 (RLIN) 379
650 #0 - SUBJECT ADDED ENTRY--TOPICAL TERM
Topical term or geographic name entry element Roads
Geographic subdivision United States
General subdivision Finance.
9 (RLIN) 21754
650 #0 - SUBJECT ADDED ENTRY--TOPICAL TERM
Topical term or geographic name entry element Toll roads
Geographic subdivision United States.
9 (RLIN) 22292
710 1# - ADDED ENTRY--CORPORATE NAME
Corporate name or jurisdiction name as entry element United States.
9 (RLIN) 21185
942 ## - ADDED ENTRY ELEMENTS (KOHA)
Source of classification or shelving scheme
Koha item type Book
Holdings
Withdrawn status Lost status Source of classification or shelving scheme Damaged status Not for loan Permanent Location Current Location Date acquired Total Checkouts Full call number Barcode Date last seen Price effective from Koha item type
          Military College of Engineering (MCE) Military College of Engineering (MCE) 03/19/2014   388.114 TOL MCE-42485 03/19/2014 03/19/2014 Book
© 2023 Central Library, National University of Sciences and Technology. All Rights Reserved.